Normal view
MARC view
Entry Uniform Title
001 - CONTROL NUMBER
- control field: 36703
003 - CONTROL NUMBER IDENTIFIER
- control field: dpl
005 - DATE AND TIME OF LATEST TRANSACTION
- control field: 20111209101806.0
008 - FIXED-LENGTH DATA ELEMENTS
- fixed length control field: 111209|||a|||||| | ||| d
040 ## - CATALOGING SOURCE
- Original cataloging agency: dpl
- Transcribing agency: dpl
130 ## - HEADING--UNIFORM TITLE
- Uniform title: Deltora quest 3
670 ## - SOURCE DATA FOUND
- Source citation: Work cat.: (dpl): Rodda, Emily 36702, Dragon's nest /, 2007
670 ## - SOURCE DATA FOUND
- Source citation: Work cat.: (dpl): Rodda, Emily 36702, Dragon's nest /, 2007
